| 000 | 003620000a22001450004500 | ||
|---|---|---|---|
| 005 | 20240226105139.0 | ||
| 008 | 230817t1997 ||||| |||| 00| 0 eng d | ||
| 082 | _bWOM | ||
| 110 | _aWomen living under Muslim laws | ||
| 245 | _aNewsheet annotations (1992-1997) | ||
| 260 |
_aLahore, _bShirkat Gah, _c1997 |
||
| 300 | _a65 p. | ||
| 650 | _aDirectory | ||
| 942 | _cRP | ||
| 999 |
_c1159 _d1159 |
||